平成に消滅・改称した群馬県の市町村 - Statistics

General Stats
  • This quiz has been taken 30 times
  • The average score is 35 of 45
Answer Stats
変更年月日 変更内容 回答 変更後の市町村 % Correct
2005.10/01 新設合併 月夜野町 みなかみ町
89%
2004.12/05 編入合併 粕川村 前橋市
84%
2005.01/01 新設合併 伊勢崎市 伊勢崎市
84%
2005.01/01 新設合併 東村 伊勢崎市
84%
2005.03/28 新設合併 太田市 太田市
84%
2005.10/01 新設合併 水上町 みなかみ町
84%
2006.02/20 新設合併 渋川市 渋川市
84%
2006.03/18 新設合併 安中市 安中市
84%
2006.03/18 新設合併 東村 みどり市
84%
2006.03/18 新設合併 東村 東吾妻町
84%
2006.10/01 編入合併 榛名町 高崎市
84%
2009.06/01 編入合併 吉井町 高崎市
84%
2010.03/28 編入合併 六合村 中之条町
84%
1996.07/01 村名改称 倉淵村 倉渕村
79%
2005.01/01 新設合併 境町 伊勢崎市
79%
2005.03/28 新設合併 藪塚󠄁本町 太田市
79%
2005.06/13 編入合併 黒保根村 桐生市
79%
2006.01/01 編入合併 鬼石町 藤岡市
79%
2006.01/23 編入合併 新町 高崎市
79%
2006.03/27 新設合併 富岡市 富岡市
79%
2006.03/18 新設合併 笠懸町 みどり市
79%
2006.03/18 新設合併 大間々町 みどり市
79%
2006.03/18 新設合併 吾妻町 東吾妻町
79%
2003.04/01 新設合併 万場町 神流町
74%
2003.04/01 新設合併 中里村 神流町
74%
2004.12/05 編入合併 大胡町 前橋市
74%
2005.02/13 編入合併 白沢村 沼田市
74%
2005.02/13 編入合併 利根村 沼田市
74%
2005.03/28 新設合併 尾島町 太田市
74%
2005.03/28 新設合併 新田町 太田市
74%
2006.01/23 編入合併 倉渕村 高崎市
74%
2006.01/23 編入合併 箕郷町 高崎市
74%
2006.01/23 編入合併 群馬町 高崎市
74%
2006.02/20 新設合併 北橘村 渋川市
74%
2006.02/20 新設合併 赤城村 渋川市
74%
2006.02/20 新設合併 小野上村 渋川市
74%
2006.03/18 新設合併 妙義町 富岡市
74%
2004.12/05 編入合併 宮城村 前橋市
68%
2005.01/01 新設合併 赤堀町 伊勢崎市
68%
2005.06/13 編入合併 新里村 桐生市
68%
2005.10/01 新設合併 新治村 みなかみ町
68%
2006.02/20 新設合併 子持村 渋川市
68%
2006.02/20 新設合併 伊香保町 渋川市
68%
2006.03/18 新設合併 松井田町 安中市
68%
2009.05/05 編入合併 富士見村 前橋市
68%
No matching quizzes found
Score Distribution
Percent of People with Each Score
Percentile by Number Answered
Your Score History
You have not taken this quiz